LEADER 01155nam a2200253 u 4500 001 000000054051 003 CaOOAMICUS 005 20070226115629.0 008 001127s1941 it u000 u ita u 035 $a10862587 040 $aPUL(R)$bita 100 1 $aLeibniz, Gottfried Wilhelm,$cFreiherr von,$d1646-1716.$0(OLS)http://pul/name/8510 245 10$aNuovi saggi su l'intelletto umano :$b(prefazione e libro primo) /$cG.G. Leibnitz ; a cura di Michele Giorgiantonio. 260 $aPadova :$bCEDAM,$c1941. 300 $axviii, 80 p. ;$c23 cm 490 1 $aScholae et vitae 600 14$aLeibniz, Gottfried Wilhelm,$cFreiherr von,$d1646-1716.$0(OLS)http://pul/subject/7899 700 1 $aGiorgiantonio, Michele.$0(OLS)http://pul/name/38429 830 0$aScholae et vitae.$0(OLS)http://pul/title/15573 850 $aPUL 852 $aPUL$W1$xDP1 Fondo Giannini$y60$m1557 A 1$j71242$nBK-PRI$b $qFondi$B71242$CPULBib$Z2$F71242 $H $81 941 1 $a1 996 $6245$aNuovi saggi su l'intelletto umano :$b(prefazione e libro primo)$9(OLS)http://pul/title/72509 996 $6260$aPadova :$bCEDAM$9(OLS)http://pul/publisher/48126 LEADER 01683nam a2200373 a 4500 001 000000149602 003 CaOOAMICUS 005 20160222170231.0 008 160222s2015 it u000 u ita r 020 $a978-88-452-8033-7* 032 $aLibriCat 040 $aPUL$bita 082 14$a401.4 245 00$aSu Peirce :$binterpretazioni, ricerche, prospettive /$ca cura di Massimo A. Bonfantini, Rossella Fabbrichesi, Salvatore Zingale. 260 $aMilano :$bBompiani,$c© 2015. 300 $a316 p. ;$c21 cm. 490 1 $aStudi Bompiani.$aIl campo semiotico 504 $aBibliografia in nota a pič pagina. 600 14$aPeirce, Charles Sanders,$d1839-1914$xCritica e interpretazione.$0(OLS)http://pul/subject/15173 650 4$aPragmatismo.$0(OLS)http://pul/subject/7909 650 4$aSemiotica$xTeorie.$0(OLS)http://pul/subject/27555 700 1 $aBonfantini, Massimo A.$0(OLS)http://pul/name/50615 700 1 $aFabbrichesi, Rossella.$0(OLS)http://pul/name/95351 700 1 $aZingale, Salvatore.$0(OLS)http://pul/name/95352 830 0$aStudi Bompiani.$pIl campo semiotico.$0(OLS)http://pul/title/97091 850 $aPUL 852 $aPUL$W1$xSL Filosofia 3$y81$m191 PEICH 3$j172248$qDDC 21$B173889$CPULBib$Z2$F173889 $H127244 $81 941 1 $a9 961 $aPrecedente collocazione: 401. 4 BONMA 1 996 $6020$a978-88-452-8033-7*$9(OLS)http://pul/number/159811 996 $6082$a401.4$9(OLS)http://pul/classification/1694 996 $6245$aSu Peirce :$binterpretazioni, ricerche, prospettive$9(OLS)http://pul/title/188618 996 $6260$aMilano :$bBompiani$9(OLS)http://pul/publisher/48240